000 00358 a2200109 4500
001 ART_11001
005 20260410161849.0
008 260409a
245 1 0 _aBonos, incentivos gerenciales, eficiencia y control en la empresa pública
100 1 _aNavajas, Fernando
773 0 _tEconómica
_g- Año XXXII, Nº 1 (ene./jun. 1986)
_wREV7541
999 _c24844
_d24844